歌詞ワンフレーズから曲名当て #1 - Statistics

General Stats
  • This quiz has been taken 995 times
  • The average score is 36 of 100
Answer Stats
フレーズ Answer % Correct
沈むように溶けてゆくように 夜に駆ける
94%
誰もが目を奪われていく アイドル
89%
Chu! ○○○ 可愛くてごめん
85%
はぁ? うっせぇうっせぇ○○○ うっせぇわ
84%
強くなれる理由を知った 紅蓮華
79%
麦わらの帽子の君が マリーゴールド
78%
僕たちは燃え盛る旅の途中で出会い
76%
いつだって大丈夫 この世界は○○○ ダンスホール
73%
グッバイ 君の運命の人は僕じゃない Pretender
70%
あの日の悲しみさえ Lemon
69%
真っ新に生まれ変わって 白日
67%
Nah-Nah-Nah-Nah-Nah, Ready for my show
67%
もっと 騒げ怪獣の歌 怪獣の花唄
66%
あるこう あるこう わたしはげんき さんぽ
63%
さぁ、怖くはない 不安はない 私は最強
62%
○○○ トトロ となりのトトロ
62%
半端ならK.O.
61%
声も顔も 不器用なとこも ドライフラワー
58%
○○○ 舞い散る中に忘れた記憶と さくら
54%
○○○ 花が咲いたら パプリカ
53%
闇を祓って 闇を祓って 廻廻奇譚
53%
○○○ 今日も唱える ケセラセラ
51%
○○○はこの未来だ 新時代
51%
チート、gifted、荒技、wanted Bling-Bang-Bang-Born
50%
永遠は無いんだと 無いんだと云フ インフェルノ
49%
○○○ 夜ニ紛レ 千本桜
49%
引き籠り 絶対 ジャスティス グッバイ宣言
49%
人生は紙飛行機 365日の紙飛行機
49%
努力 未来 A BEAUTIFUL STAR KICK BACK
48%
サヨナラは悲しい言葉じゃない YELL
47%
君はロックなんか聴かないと思いながら 君はロックを聴かない
46%
隠し事だらけ ミックスナッツ
44%
空は青く澄み渡り RPG
44%
○○○って伝えたくて ありがとう
43%
あたし○○○ いいの? 吸っちゃっていいの? ヴァンパイア
43%
レフトサイド ライトサイド KING
43%
僕ら見つめあって 手繰りあって 同じ空 ベテルギウス
42%
森の精 もののけ達だけ もののけ姫
40%
I want you! I need you! I love you! ヘビーローテーション
39%
そのうちじゃなくて今すぐがいいの オトナブルー
38%
会いたいと思う回数が クリスマスソング
38%
そして 泥泥 はられはられ ホウライ 酔いどれ知らず
38%
言葉はまるで雪の結晶 Subtitle
37%
怒りよ今 悪党ぶっ飛ばして 逆光
36%
Get get get on chu! ちゅ、多様性。
35%
知らず知らず隠してた 群青
35%
この恋が実りますように 裸の心
33%
ああ 化石になっちまうよ きゅうくらりん
33%
好きだから ラブ・フラゲ! フライングゲット
32%
鮮やかに 恋して○○○ にんじゃりばんばん
31%
簡単なことも分からないわ フォニイ
31%
思い出ずっとずっと 忘れない空 Love so sweet
31%
マキシマイザー マキシマイザー! マーシャル・マキシマイザー
30%
○○○ ○○○ ○○○ Yes! 会いたかった
29%
今宵、僕たちは友達のように歌うだろう Dragon Night
28%
ブンブンブン ブンブンブン インフルエンサー
27%
瞳を閉じればあなたが 3月9日
27%
Let me show 神様も唸るほどの ノーダウト
26%
僕ら今 さあさあ 喰らいあって ドラマツルギー
26%
終わんない愛を抱いてたくないの ヒバナ
26%
○○○ ひらひら 舞い降りて落ちて SAKURA
26%
冗談じゃあないないわ ○○○ トウキョウ・シャンディ・ランデヴ
25%
JOYと JOYと JOYと じょいふる
25%
Dynnnnnanana, life is ○○○ Dynamite
25%
○○○ 溶けてしまいそう メルト
24%
Oh... Mr.Crazy Villain Villain ヴィラン
24%
突発的な泡沫なんて言わせない ウタカタララバイ
23%
どんな未来がこちらを覗いてるかな? ハルノヒ
23%
弱い音を吐いている ヨワネハキ
23%
君は君らしく生きていく自由があるんだ サイレントマジョリティー
23%
マーシャルの匂いで飛んじゃって大変さ 丸の内サディスティック
23%
メーデー 僕と判っても ゴーストルール
20%
から紅に染まる○○○ 渡月橋 ~君 想ふ~
20%
僕の記憶が全て消えても Monster
19%
ねえ?ねえ?ねえ? ○○○に気付いてる わたしの一番かわいいところ
18%
アンレディ ディス ディス ラヴァ ベイビー エンヴィーベイビー
17%
僕ら 馬鹿になって 宙を舞って ナンセンス文学
17%
くり返す この○○○ ポリリズム
17%
青いまま枯れてゆく ハッピーエンド
16%
○○○輝いて 私は夜を呑み ギラギラ
16%
きっと誰だって誰だってあるだろう シンクロニシティ
15%
剥がれ落ちたメイク アニマル
15%
今が一番若いの 第六感
14%
一度きりの人生 転がるように ワイルド アット ハート
14%
welcome to the dirty night 不可幸力
13%
○○○ それ 卑怯 神っぽいな
13%
○○○ 脳内じゃ戦争だもんね、突っ立ってたって なにやってもうまくいかない
12%
だ だ だ だ インベーダー インベーダーインベーダー
12%
大人ぶってみたってダメね TT -Japanese Ver.-
11%
○○○ 当たり前だけどね 私以外私じゃないの
10%
○○○ ホットが良くない? サラマンダー
10%
だからここにおいでよ ドラえもん
10%
You are always gonna be my love First Love
10%
人生一度きり DREAM掴みたいから今 R.Y.U.S.E.I.
10%
Ah 君はいつの日か 眠り姫
9%
夢を追う君へ サザンカ
9%
正しい間違いが不安定で クラクラ
9%
Your my Candy ○○○ Pop 君の Candy Pop
9%
火花のように ○○○光る FLASH
4%
踊れ Boom Boom ○○○ TOKYO GIRL
4%
No matching quizzes found
Score Distribution
Percent of People with Each Score
Percentile by Number Answered
Your Score History
You have not taken this quiz